Nursing, a human needs approach / (Record no. 472)

MARC details
000 -LEADER
fixed length control field 00879nam a2200289 a 4500
001 - CONTROL NUMBER
control field 551047
003 - CONTROL NUMBER IDENTIFIER
control field OSt
005 - DATE AND TIME OF LATEST TRANSACTION
control field 20210219165531.0
008 - FIXED-LENGTH DATA ELEMENTS--GENERAL INFORMATION
fixed length control field 880426s1989 maua b 001 0 eng
010 ## - LIBRARY OF CONGRESS CONTROL NUMBER
LC control number 88081328
020 ## - INTERNATIONAL STANDARD BOOK NUMBER
International Standard Book Number 0395433045
040 ## - CATALOGING SOURCE
Original cataloging agency DLC
Transcribing agency DLC
Modifying agency DLC
-- PHNSL
050 00 - LIBRARY OF CONGRESS CALL NUMBER
Classification number RT41
Item number .E4 1989
082 00 - DEWEY DECIMAL CLASSIFICATION NUMBER
Classification number 610.73
Edition number 20
100 1# - MAIN ENTRY--PERSONAL NAME
Personal name Ellis, Janice Rider.
245 10 - TITLE STATEMENT
Title Nursing, a human needs approach /
Statement of responsibility, etc. Janice Rider Ellis, Elizabeth Ann Nowlis.
250 ## - EDITION STATEMENT
Edition statement 4th ed.
260 ## - PUBLICATION, DISTRIBUTION, ETC.
Place of publication, distribution, etc. Boston :
Name of publisher, distributor, etc. Houghton Mifflin Co.,
Date of publication, distribution, etc. 1989.
300 ## - PHYSICAL DESCRIPTION
Extent xxviii, 1001 p. :
Other physical details ill. ;
Dimensions 29 cm.
504 ## - BIBLIOGRAPHY, ETC. NOTE
Bibliography, etc. note Includes bibliographical references.
650 #0 - SUBJECT ADDED ENTRY--TOPICAL TERM
Topical term or geographic name entry element Nursing.
650 #0 - SUBJECT ADDED ENTRY--TOPICAL TERM
Topical term or geographic name entry element Nurse and patient.
700 1# - ADDED ENTRY--PERSONAL NAME
Personal name Nowlis, Elizabeth Ann.
906 ## - LOCAL DATA ELEMENT F, LDF (RLIN)
a 7
b cbc
c orignew
d 2
e opcn
f 19
g y-gencatlg
942 ## - ADDED ENTRY ELEMENTS (KOHA)
Source of classification or shelving scheme Library of Congress Classification
Koha item type Books
Holdings
Withdrawn status Lost status Source of classification or shelving scheme Damaged status Not for loan Home library Current library Shelving location Date acquired Total Checkouts Full call number Barcode Date last seen Copy number Price effective from Koha item type Public note
    Library of Congress Classification     Public Health Nurses School Public Health Nurses School General Stacks 02/19/2021   RT41.El5 00767 02/19/2021 c.1 02/19/2021 Books kd 19/02/21
    Library of Congress Classification     Public Health Nurses School Public Health Nurses School General Stacks 02/19/2021   RT41.El5 00768 02/19/2021 c.2 02/19/2021 Books kd 19/02/21
    Library of Congress Classification     Public Health Nurses School Public Health Nurses School General Stacks 02/19/2021   RT41.El5 00769 02/19/2021 c.3 02/19/2021 Books kd 19/02/21
    Library of Congress Classification     Public Health Nurses School Public Health Nurses School General Stacks 02/19/2021   RT41.El5 00770 02/19/2021 c.4 02/19/2021 Books kd 19/02/21
    Library of Congress Classification     Public Health Nurses School Public Health Nurses School General Stacks 02/19/2021   RT41.El5 00771 02/19/2021 c.5 02/19/2021 Books kd 19/02/21
Copyright © 2025 PHNS Library. All Rights Reserved.